Statistics for They Shoot Pictures, Don't They? - films 581 to 600

Click here to take the quiz!

General Stats

  • This quiz has been taken 21 times
    (15 since last reset)
  • The average score is 6 of 20

Answer Stats

Answer% Correct
The Lord of the Rings: The Fellowship of the Ring
100%
Brokeback Mountain
92%
Gentlemen Prefer Blondes
69%
Mad Max 2: The Road Warrior
54%
The Master
38%
Hatari
31%
I Walked with a Zombie
31%
The Devils
31%
Scorpio Rising
23%
Seven Chances
23%
The Red Circle
23%
The Servant
23%
Cat People
15%
Land without Bread
15%
The Round-Up
15%
Boudu Saved from Drowning
8%
D'est
8%
Providence
8%
Roma
8%
West Indies
8%

Score Distribution

Percentile by Number Answered

Percent of People with Each Score

Your Score History

You have not taken this quiz since the last reset